000 01256nam a2200373 4500
001
003 DO-SdBNP
005 20240321110051.0
008 160127s2014 mx spa
015 _a
017 _a
_b
020 _a9786071624093
035 _a
040 _aBPMSU
_bspa
_cBPMSU
_e
082 4 _a923.2972
_bV136L 2014
_222
084 _a
_2
100 1 _a|a Valadés, José C.
_eautor
_d
_4
245 1 0 _aLuces políticas y cultura universal :
_bbiografías de Alamán, Gutiérrez de Estrada, Comonfort, Ocampo/
_c José C. Valadés
260 _aMéxico :
_bFondo de Cultura Econonómica,
_c2014
300 _a564 p. ;
_c23 cm.
_b
_e
490 0 _aSección de obras de historia
500 _a Incluye referencias bibliográficas y notas al pie de las páginas
504 _a
520 _a
590 _aInventariado, 2024/VM
600 1 4 _aAlamán, Lucas,
_d1792-1853
_vBiografías
600 1 4 _aGutiérrez Estrada, José María,
_d1800-1867.
600 1 4 _aComonfort, Ignacio,
_d1812-1863.
650 4 _aPersonajes
_zMéxico
_vBiografías
651 4 _aMéxico
_xPolítica y gobierno
_y1821-1861
710 2 _aFondo de Cultura Económica (México)
910 _aVMateo V. Control de calidad. BPMSU
942 _2ddc
_cBK
999 _c14609
_d14609